000 00895nam a2200193 i 4500
001 155529
003 ES-MaACL
005 20250914145937.0
008 940301s1888 sp |||| | spa d
100 1 _aHoltzendorff, Franz von.
_9128016
245 1 0 _aPrincipios de política
_b: introducción al estudio de la ciencia política contemporánea /
_cpor F. Von Holtzendorff ; versión española, con autorización y concurso del autor, aumentada con notas críticas y un estudio preliminar por Adolfo Buylla, y Adolfo Posada.
260 _aMadrid :
_bLibrería de Fernando Fe,
_c1888 (
_fImp. de Enrique Rubiños)
300 _aLVI, 392 p. ;
_c23 cm.
650 7 _aPolítica
_2embne
_9140345
700 1 _aPosada, Adolfo,
_d1860-1944
_993316
700 1 _aBuylla y González Alegre, Adolfo A.,
_d1850-1927
_932991
852 _aES-MaACL
_jG-15016
_z- Enc. hol.
999 _c155529
_d155529